| 000 | 00893nam a22002057a 4500 | ||
|---|---|---|---|
| 999 |
_c10454 _d10454 |
||
| 003 | AR-CdUCM | ||
| 008 | 190401b ||||| |||| 00| 0 spa d | ||
| 040 |
_aMUNICIPALIDAD PROVINCIAL DEL CUSCO _cBIBLIOTECA MUNICIPAL DEL CUSCO |
||
| 082 |
_a301.19 / _bM64 /1961 |
||
| 100 |
_aMiró Quesada Cantuarias, Francisco, _911240 |
||
| 245 |
_aLas estructuras sociales : _b ensayo de divulgación / |
||
| 260 |
_aLima : _bSanta Rosa, _c1961. |
||
| 300 |
_a184 paginas : _c17 cm. |
||
| 505 | _aContenido : La transformación de estructuras como consigna nacional -- Proceso político y el esclarecimiento ideológico -- El concepto de estructura social -- Los grupos múltiples -- Los roles -- Las estructuras económicas... | ||
| 650 |
_aEstructura social _92893 |
||
| 650 |
_aEstructuras socio económicas _927321 |
||
| 650 |
_aProceso político _927322 |
||
| 942 |
_2ddc _cLIBROS |
||
| 945 | _awnts | ||